[Event "XII Festival Magistrale"]
[Site "Celle Ligure ITA"]
[Date "1997.03.??"]
[Round "4"]
[White "Zsifkovits, Robert"]
[Black "Di Paolo, Raffaele"]
[WhiteElo "2170"]
[BlackElo "2265"]
[Result "0-1"]
[PlyCount "80"]
[EventDate "1997.03.22"]

1. d4 Nf6 2. Nc3 d6 3. e4 g6 4. f4 Bg7 5. Nf3 O-O 6. Bd3 Na6 7. O-O c5 8. Bxa6
cxd4 9. Nxd4 bxa6 10. Kh1 Bb7 11. Qd3 Rc8 12. Nde2 Qd7 13. Be3 Bc6 14. Bd4 Qb7
15. Bxf6 Bxf6 16. Rab1 Bb5 17. Nxb5 Qxb5 18. Qxb5 axb5 19. c3 Rc4 20. Ng3 Rb8
21. a3 a5 22. Rfe1 b4 23. axb4 axb4 24. e5 dxe5 25. fxe5 Bg7 26. Re4 Rxe4 27.
Nxe4 bxc3 28. Nxc3 Bxe5 29. Na4 Rb5 30. g3 Bd4 31. Rd1 e5 32. Rd2 Rb4 33. Nc3
Bxc3 34. bxc3 Rc4 35. Rd3 e4 36. Re3 f5 37. h4 Kf7 38. Kg2 Ke6 39. Kf2 Ke5 40.
Ke2 Ra4 0-1

[Event "XII Festival Magistrale"]
[Site "Celle Ligure ITA"]
[Date "1997.03.??"]
[Round "5"]
[White "Astengo, Marcello"]
[Black "Zsifkovits, Robert"]
[WhiteElo "2065"]
[BlackElo "2170"]
[Result "0-1"]
[PlyCount "79"]
[EventDate "1997.03.22"]

1. d4 e6 2. Nf3 f5 3. Bf4 Nf6 4. e3 b6 5. Bd3 Bb7 6. Nbd2 Be7 7. Qe2 Ne4 8. Ne5
O-O 9. f3 Nxd2 10. Qxd2 d6 11. Nc4 c5 12. c3 Nc6 13. O-O cxd4 14. exd4 b5 15.
Na3 e5 16. d5 Nb8 17. Be3 a6 18. c4 bxc4 19. Nxc4 Nd7 20. Na5 Bc8 21. b4 Kh8
22. Rac1 Nf6 23. Be2 Bd7 24. Rfd1 f4 25. Bf2 e4 26. Bd4 e3 27. Qb2 Qe8 28. Nc4
Bb5 29. Nb6 Rb8 30. Qc2 Bd8 31. Nc8 Rxc8 32. Qxc8 Bxe2 33. Re1 Bb5 34. Ra1 Nxd5
35. Qb7 Qf7 36. Qxf7 Rxf7 37. a4 Bd3 38. Red1 Nxb4 39. Rac1 Bf5 40. Rb1 0-1

[Event "XII Festival Magistrale"]
[Site "Celle Ligure ITA"]
[Date "1997.03.??"]
[Round "5"]
[White "Cirabisi, Federico"]
[Black "Lovati, Paolo"]
[WhiteElo "2125"]
[BlackElo "1981"]
[Result "0-1"]
[PlyCount "78"]
[EventDate "1997.03.22"]

1. d4 Nf6 2. e3 d6 3. Bd3 g6 4. b3 Bg7 5. Bb2 Nc6 6. Nd2 e5 7. Qe2 exd4 8.
O-O-O O-O 9. e4 Nb4 10. Bxd4 c5 11. Bb2 Qa5 12. c3 Nxd3+ 13. Qxd3 d5 14. Ne2
Qxa2 15. Kc2 c4 16. bxc4 Qa4+ 17. Kc1 dxe4 18. Qc2 Qxc2+ 19. Kxc2 e3 20. fxe3
Ng4 21. Ra1 Nxe3+ 22. Kb3 Nxg2 23. Nd4 Bd7 24. Ne4 b6 25. Nd6 Be5 26. Ne4 f5
27. Ng5 Nf4 28. h4 Nd3 29. h5 Bf6 30. Rag1 Nc5+ 31. Kc2 h6 32. Ngf3 g5 33. Nh4
Bg7 34. Ng6 Rfe8 35. Bc1 Ne4 36. Ba3 Kf7 37. Nf3 Ba4+ 38. Kd3 Rad8+ 39. Nd4
Nf2+ 0-1

[Event "XII Festival Magistrale"]
[Site "Celle Ligure ITA"]
[Date "1997.03.??"]
[Round "5"]
[White "Cordara, Michele"]
[Black "Vujovic, Milorad"]
[WhiteElo "2195"]
[BlackElo "2255"]
[Result "1/2-1/2"]
[PlyCount "27"]
[EventDate "1997.03.22"]

1. c4 e5 2. Nc3 Bb4 3. Qc2 Nf6 4. a3 Bxc3 5. Qxc3 Nc6 6. d3 d5 7. Nf3 d4 8. Qc2
a5 9. g3 a4 10. Bg2 Bd7 11. b4 axb3 12. Qxb3 Na5 13. Qc2 Qe7 14. O-O 1/2-1/2

[Event "XII Festival Magistrale"]
[Site "Celle Ligure ITA"]
[Date "1997.03.??"]
[Round "5"]
[White "Duarte, Riccardo"]
[Black "Bonugli, Carlo"]
[WhiteElo "2010"]
[BlackElo "2075"]
[Result "0-1"]
[PlyCount "106"]
[EventDate "1997.03.22"]

1. e4 e6 2. d4 d5 3. exd5 exd5 4. Bd3 Bd6 5. Ne2 Bg4 6. Be3 Nf6 7. Nbc3 c6 8.
Qd2 O-O 9. f3 Bh5 10. Nf4 Bg6 11. Nxg6 fxg6 12. Ne2 Qb6 13. c3 Nbd7 14. O-O Qc7
15. Bf4 Nh5 16. Bxd6 Qxd6 17. f4 Rae8 18. f5 gxf5 19. Rxf5 Rxf5 20. Bxf5 Nhf6
21. Rf1 Qe7 22. Nf4 Ne4 23. Qd3 Ndf6 24. Be6+ Kf8 25. Qh3 Qd6 26. Qh5 Rxe6 27.
Nxe6+ Qxe6 28. Qxh7 Nd2 29. Qh8+ Kf7 30. Ra1 Qe3+ 31. Kh1 Qe2 32. Qb8 Qe7 33.
Qf4 Nc4 34. b3 Nd6 35. h3 Kg8 36. Qe5 Qd7 37. g4 Nfe4 38. Rf1 Nxc3 39. Qf4 Qe7
40. a3 Qe4+ 41. Qxe4 Ncxe4 42. Kg2 Nb5 43. h4 Nxd4 44. b4 Nb5 45. Rf3 b6 46. g5
c5 47. bxc5 bxc5 48. g6 Nbd6 49. h5 c4 50. Rf1 Nd2 51. Rf4 Nb3 52. Kf1 d4 53.
Ke1 c3 0-1

[Event "XII Festival Magistrale"]
[Site "Celle Ligure ITA"]
[Date "1997.03.??"]
[Round "5"]
[White "Guido, Flavio"]
[Black "Di Paolo, Raffaele"]
[WhiteElo "2300"]
[BlackElo "2265"]
[Result "1/2-1/2"]
[PlyCount "58"]
[EventDate "1997.03.22"]

1. e4 c5 2. c3 b6 3. d4 Bb7 4. Nd2 cxd4 5. cxd4 Nf6 6. Bd3 Nc6 7. Ne2 g6 8. a3
Bg7 9. O-O O-O 10. Nf3 d5 11. e5 Ne8 12. Ng5 Nc7 13. f4 f6 14. Nf3 f5 15. b4 b5
16. Nc3 a5 17. Rb1 axb4 18. axb4 Na7 19. Be3 Qd7 20. Nd2 Rfb8 21. Nb3 Bc6 22.
Nc5 Qe8 23. Ra1 Nc8 24. Rf2 Nb6 25. Rfa2 Rxa2 26. Rxa2 Ra8 27. Qa1 Rxa2 28.
Qxa2 Qa8 29. Qxa8+ Nbxa8 1/2-1/2

[Event "XII Festival Magistrale"]
[Site "Celle Ligure ITA"]
[Date "1997.03.??"]
[Round "5"]
[White "Hamberger, Hermann"]
[Black "Lovric, Branko"]
[WhiteElo "2205"]
[BlackElo "2370"]
[Result "0-1"]
[PlyCount "70"]
[EventDate "1997.03.22"]

1. e4 b6 2. d4 Bb7 3. Bd3 Nf6 4. Qe2 Nc6 5. c3 e5 6. Nf3 exd4 7. e5 Nd5 8. cxd4
Bb4+ 9. Kf1 Be7 10. a3 Qc8 11. Bd2 Nd8 12. g3 Ne6 13. Nc3 Bc6 14. Nxd5 Bxd5 15.
Be4 Qb7 16. Re1 O-O 17. Kg2 f5 18. exf6 Rxf6 19. Bxd5 Qxd5 20. Qe4 Qxe4 21.
Rxe4 Raf8 22. Be3 d5 23. Re5 Bd6 24. Rxe6 Rxe6 25. h4 c5 26. Rd1 c4 27. Ng1 b5
28. Ne2 b4 29. axb4 Bxb4 30. Nf4 Rd6 31. Ne2 Ra8 32. Kf3 Rb6 33. Ra1 a5 34. Bf4
Ra7 35. Be5 35... Bd2 {...} 0-1

[Event "XII Festival Magistrale"]
[Site "Celle Ligure ITA"]
[Date "1997.03.??"]
[Round "5"]
[White "Jovanic, Ognjen"]
[Black "Scotti, Umberto"]
[WhiteElo "2260"]
[BlackElo "2130"]
[Result "1-0"]
[PlyCount "81"]
[EventDate "1997.03.22"]

1. e4 e6 2. d3 d5 3. Nd2 Nf6 4. Ngf3 Be7 5. g3 O-O 6. Bg2 c5 7. O-O Nc6 8. Re1
b6 9. e5 Nd7 10. Nf1 Qc7 11. Bf4 Bb7 12. h4 b5 13. N1h2 Nb6 14. Ng4 Qd8 15. h5
f5 16. exf6 Bxf6 17. Rb1 Bc8 18. h6 gxh6 19. Bxh6 Rf7 20. Bf4 Bg7 21. Qd2 Bd7
22. Nfe5 Nxe5 23. Bxe5 Qf8 24. Qg5 Kh8 25. Nh6 Re7 26. Bd6 Bf6 27. Bxe7 Qxe7
28. Qe3 Rf8 29. Ng4 Bd4 30. Qe2 Qg5 31. c3 Bg7 32. Ne5 Be8 33. Qe3 Qe7 34. f4
Nd7 35. Nxd7 Qxd7 36. Qxe6 Qd8 37. Qxd5 Qb6 38. Re7 Qg6 39. Qg5 Bf6 40. Qxg6
Bxg6 41. Re3 1-0

[Event "XII Festival Magistrale"]
[Site "Celle Ligure ITA"]
[Date "1997.03.??"]
[Round "5"]
[White "Lanzani, Mario"]
[Black "Lenz, Alarich"]
[WhiteElo "2370"]
[BlackElo "2195"]
[Result "1/2-1/2"]
[PlyCount "52"]
[EventDate "1997.03.22"]

1. e4 e6 2. d4 d5 3. Nc3 Bb4 4. e5 c5 5. a3 Bxc3+ 6. bxc3 Qc7 7. Nf3 b6 8. Bb5+
Bd7 9. Bd3 Ba4 10. h4 cxd4 11. cxd4 Qc3+ 12. Bd2 Qxd3 13. cxd3 Bxd1 14. Kxd1
Nc6 15. h5 h6 16. g4 Nge7 17. Ke2 Kd7 18. Ke3 Rac8 19. Nh4 Nd8 20. f4 Rc2 21.
Rhc1 Rxc1 22. Rxc1 g6 23. f5 g5 24. f6 Nec6 25. Nf3 Nb7 26. Bb4 Nba5 1/2-1/2

[Event "XII Festival Magistrale"]
[Site "Celle Ligure ITA"]
[Date "1997.03.??"]
[Round "5"]
[White "Mordiglia, Riccardo"]
[Black "Mollero, Michele"]
[WhiteElo "2105"]
[BlackElo "2050"]
[Result "1/2-1/2"]
[PlyCount "36"]
[EventDate "1997.03.22"]

1. e4 e6 2. d4 c5 3. c3 d5 4. e5 Nc6 5. Nf3 Qb6 6. Be2 cxd4 7. cxd4 Nge7 8. Nc3
Nf5 9. Na4 Bb4+ 10. Bd2 Qa5 11. Bc3 b5 12. a3 Bxc3+ 13. Nxc3 b4 14. axb4 Qxb4
15. Bb5 Bd7 16. Bxc6 Bxc6 17. Qd2 O-O 18. O-O Rfb8 1/2-1/2

[Event "XII Festival Magistrale"]
[Site "Celle Ligure ITA"]
[Date "1997.03.??"]
[Round "5"]
[White "Quagliarella, Sabino Remo"]
[Black "Fuggetta, Leonardo"]
[WhiteElo "1934"]
[BlackElo "2070"]
[Result "1-0"]
[PlyCount "123"]
[EventDate "1997.03.22"]

1. d4 g6 2. e4 Bg7 3. f4 c6 4. Nf3 d5 5. e5 h5 6. c4 Nh6 7. Nc3 a6 8. Qb3 e6 9.
a4 a5 10. cxd5 exd5 11. Bd3 Qe7 12. O-O Nf5 13. Bd2 Na6 14. Ne2 Nb4 15. Bxb4
Qxb4 16. Qxb4 axb4 17. Rfe1 Be6 18. Ng3 Bh6 19. Nxf5 Bxf5 20. Bxf5 gxf5 21. g3
Ke7 22. Kf2 Ke6 23. a5 Ra6 24. Ra4 b6 25. Rxb4 bxa5 26. Rb7 a4 27. Rc1 Rc8 28.
Rc3 f6 29. Rh7 Bf8 30. exf6 Rb8 31. Ng5+ Kxf6 32. Rf7+ Kg6 33. Kf3 Bh6 34. Rc7
Bxg5 35. fxg5 Kxg5 36. h4+ Kg6 37. R3xc6+ Rxc6 38. Rxc6+ Kg7 39. Rc2 Rb7 40.
Rd2 Rb3+ 41. Kf4 Kf6 42. Rc2 Rb6 43. Rc5 Rxb2 44. Rc6+ Ke7 45. Kxf5 Rb3 46. Ke5
Re3+ 47. Kxd5 Rxg3 48. Rc7+ Kd8 49. Ra7 a3 50. Kd6 Rg6+ 51. Kc5 Rg4 52. Rxa3
Rxh4 53. Ra7 Rg4 54. Rh7 h4 55. d5 Ra4 56. Kd6 Ra6+ 57. Ke5 Ra4 58. Ke6 Ra6+
59. d6 Kc8 60. Rxh4 Ra5 61. d7+ Kc7 62. Rc4+ 1-0

[Event "XII Festival Magistrale"]
[Site "Celle Ligure ITA"]
[Date "1997.03.??"]
[Round "5"]
[White "Rosin, Federico"]
[Black "Sbarra, Marco"]
[WhiteElo "1884"]
[BlackElo "2285"]
[Result "1-0"]
[PlyCount "53"]
[EventDate "1997.03.22"]

1. d4 Nf6 2. c4 e6 3. Nc3 Bb4 4. e3 c5 5. Nge2 d5 6. a3 Bxc3+ 7. Nxc3 cxd4 8.
exd4 dxc4 9. Bxc4 Nc6 10. Be3 O-O 11. O-O b6 12. Qd3 Bb7 13. Rfe1 h6 14. Rac1
Ne7 15. Ba2 Nfd5 16. f3 Rc8 17. Ne4 Rxc1 18. Rxc1 Nxe3 19. Qxe3 Nf5 20. Qd3
Nxd4 21. Rd1 Nc6 22. Qc2 Qe7 23. Bb1 g6 24. Rd7 Qh4 25. g3 Qh3 26. Nf6+ Kg7 27.
Qxg6+ 1-0

[Event "XII Festival Magistrale"]
[Site "Celle Ligure ITA"]
[Date "1997.03.??"]
[Round "5"]
[White "Skembris, Spyridon"]
[Black "Sulava, Nenad"]
[WhiteElo "2450"]
[BlackElo "2380"]
[Result "1/2-1/2"]
[PlyCount "40"]
[EventDate "1997.03.22"]

1. d4 c5 2. d5 Nf6 3. Nc3 e5 4. e4 d6 5. Bb5+ Nbd7 6. a4 a6 7. Be2 Be7 8. Nf3
h6 9. a5 Nh7 10. Nd2 Bg5 11. Nc4 Qf6 12. Ra3 Ke7 13. O-O h5 14. Rb3 Bxc1 15.
Qxc1 g5 16. Na4 Rb8 17. Nab6 Nxb6 18. Rxb6 Rd8 19. b4 cxb4 20. Qb2 h4 1/2-1/2

[Event "XII Festival Magistrale"]
[Site "Celle Ligure ITA"]
[Date "1997.03.??"]
[Round "5"]
[White "Vismara, Daniele"]
[Black "Ljubisavljevic, Zivojin Z."]
[WhiteElo "2205"]
[BlackElo "2275"]
[Result "0-1"]
[PlyCount "68"]
[EventDate "1997.03.22"]

1. e4 e6 2. d4 d5 3. Nd2 Nf6 4. e5 Nfd7 5. c3 c5 6. f4 g6 7. Ndf3 b6 8. Bd3 Ba6
9. Bc2 Nc6 10. Ne2 cxd4 11. Nexd4 Nxd4 12. Nxd4 Rc8 13. Be3 Bc5 14. Qf3 Qe7 15.
b4 Bxd4 16. Bxd4 Bc4 17. Kd2 Nb8 18. Ba4+ Nc6 19. Bxc6+ Rxc6 20. a4 h5 21. a5
b5 22. g3 a6 23. h3 Kd7 24. Rh2 Rcc8 25. Rf2 Kc6 26. Rg1 Kb7 27. Qe3 Bb3 28. g4
hxg4 29. hxg4 Rh4 30. Bc5 Rxc5 31. bxc5 Kc6 32. Qg3 Rh8 33. Rff1 Qxc5 34. Qe3
Rh2+ 0-1

[Event "XII Festival Magistrale"]
[Site "Celle Ligure ITA"]
[Date "1997.03.??"]
[Round "6"]
[White "Bonugli, Carlo"]
[Black "Cordara, Michele"]
[WhiteElo "2075"]
[BlackElo "2195"]
[Result "1-0"]
[PlyCount "63"]
[EventDate "1997.03.22"]

1. e4 c5 2. Nc3 Nc6 3. g3 g6 4. Bg2 Bg7 5. d3 d6 6. f4 e6 7. Nf3 Nge7 8. O-O
O-O 9. Be3 Nd4 10. Rb1 Qa5 11. a3 Bd7 12. Ne2 Nxf3+ 13. Bxf3 Bc6 14. b4 Qxa3
15. Rb3 Qa6 16. bxc5 d5 17. e5 Rfb8 18. Qb1 Ba4 19. Ra3 b5 20. Nc3 g5 21. Nxa4
Nf5 22. Bf2 gxf4 23. Qa1 bxa4 24. Rxa4 Qb5 25. c4 Qb2 26. cxd5 fxg3 27. hxg3
Bxe5 28. d4 Bxg3 29. d6 Qxa1 30. Rfxa1 Rb2 31. Bxg3 Nxg3 32. Bxa8 1-0

[Event "XII Festival Magistrale"]
[Site "Celle Ligure ITA"]
[Date "1997.03.??"]
[Round "6"]
[White "Di Paolo, Raffaele"]
[Black "Lanzani, Mario"]
[WhiteElo "2265"]
[BlackElo "2370"]
[Result "1-0"]
[PlyCount "113"]
[EventDate "1997.03.22"]

1. e4 e5 2. f4 exf4 3. Nf3 d6 4. d4 g5 5. Bc4 h6 6. c3 Bg7 7. O-O Ne7 8. g3 Ng6
9. Ne1 O-O 10. Qh5 Qf6 11. Ng2 Be6 12. d5 Bd7 13. gxf4 gxf4 14. Nxf4 Nxf4 15.
Bxf4 Qg6+ 16. Qxg6 fxg6 17. Nd2 Bh3 18. Rf2 Nd7 19. Bf1 Bxf1 20. Raxf1 Rae8 21.
Bg3 Rxf2 22. Bxf2 Bf6 23. Re1 Ne5 24. Re2 Bg5 25. Nb3 Nd3 26. Bg3 Bf4 27. Nd4
Bxg3 28. hxg3 Nc5 29. Nb5 Rxe4 30. Rxe4 Nxe4 31. Kg2 Kf7 32. Nxa7 Kf6 33. Nb5
Kf5 34. Nxc7 Kg4 35. Ne8 h5 36. c4 b6 37. b4 Kf5 38. a4 Ke5 39. a5 bxa5 40.
bxa5 Nd2 41. a6 Nxc4 42. Nc7 g5 43. a7 Nb6 44. Kf3 Kd4 45. Kf2 Ke4 46. Ke2 g4
47. Kf2 Kd4 48. Ke2 Ke4 49. a8=Q Nxa8 50. Nxa8 Kxd5 51. Nb6+ Ke4 52. Nc4 h4 53.
gxh4 g3 54. Ne3 d5 55. Nf1 g2 56. Ng3+ Kf4 57. Kf2 1-0

[Event "XII Festival Magistrale"]
[Site "Celle Ligure ITA"]
[Date "1997.03.??"]
[Round "6"]
[White "Egartner, Wolfgang"]
[Black "Duarte, Riccardo"]
[WhiteElo "2185"]
[BlackElo "2010"]
[Result "1-0"]
[PlyCount "93"]
[EventDate "1997.03.22"]

1. c4 Nf6 2. Nf3 d5 3. cxd5 Qxd5 4. Nc3 Qa5 5. g3 c6 6. Bg2 e5 7. O-O Bd6 8. d4
exd4 9. Nxd4 Qd8 10. Bg5 O-O 11. Bxf6 Qxf6 12. Ne4 Qe7 13. Nxc6 Nxc6 14. Qxd6
Qe8 15. Nc3 Qe6 16. Qxe6 Bxe6 17. Rfd1 Rab8 18. Bd5 Bh3 19. f4 Ne7 20. Bg2 Be6
21. Rd2 Nf5 22. Kf2 Rfe8 23. e4 Nh6 24. h3 f6 25. Nb5 Re7 26. Nxa7 Bc4 27. b3
Ba6 28. Rad1 Rc7 29. a4 b6 30. Nb5 Bxb5 31. axb5 Rc5 32. Bf1 Re8 33. Bc4+ Kf8
34. Rd8 Nf7 35. R8d7 Re7 36. Ke3 Ke8 37. Rxe7+ Kxe7 38. Ra1 Nd6 39. Ra7+ Kf8
40. Ra8+ Ke7 41. Ra7+ Kf8 42. Kd3 h6 43. Ra6 Nxb5 44. Rxb6 Nc7 45. Kd4 Rh5 46.
h4 Ke7 47. f5 1-0

[Event "XII Festival Magistrale"]
[Site "Celle Ligure ITA"]
[Date "1997.03.??"]
[Round "6"]
[White "Jovanic, Ognjen"]
[Black "Astengo, Marcello"]
[WhiteElo "2260"]
[BlackElo "2065"]
[Result "1-0"]
[PlyCount "63"]
[EventDate "1997.03.22"]

1. e4 e6 2. d3 d5 3. Nd2 c5 4. Ngf3 Nc6 5. g3 b6 6. Bg2 Ba6 7. exd5 exd5 8. O-O
Nf6 9. c4 Qd7 10. cxd5 Nxd5 11. Nc4 f6 12. Re1+ Kf7 13. Nfe5+ fxe5 14. Nxe5+
Nxe5 15. Rxe5 Nf6 16. Bxa8 Bd6 17. Bd5+ Kf8 18. Be6 Qc6 19. Re1 Bb7 20. f3 h5
21. Bg5 Ng4 22. Bf5 c4 23. Qe2 Qc5+ 24. Kg2 Bc6 25. Be4 cxd3 26. Qd2 Bxe4 27.
Rxe4 Ne5 28. Rc1 Qd5 29. Rc8+ Kf7 30. Rxh8 Nxf3 31. Kxf3 Qf5+ 32. Rf4 1-0

[Event "XII Festival Magistrale"]
[Site "Celle Ligure ITA"]
[Date "1997.03.??"]
[Round "6"]
[White "Ljubisavljevic, Zivojin Z."]
[Black "Mordiglia, Riccardo"]
[WhiteElo "2275"]
[BlackElo "2105"]
[Result "1-0"]
[PlyCount "89"]
[EventDate "1997.03.22"]

1. c4 g6 2. Nc3 Bg7 3. d4 d6 4. e4 Nc6 5. d5 Nd4 6. Be3 c5 7. Nge2 Qb6 8. Qd2
Bd7 9. O-O-O Nxe2+ 10. Bxe2 Qa5 11. Kb1 a6 12. Bd3 b5 13. Ne2 Qb6 14. Nc1 Rb8
15. Nb3 bxc4 16. Bxc4 a5 17. Qxa5 Qxa5 18. Nxa5 Rxb2+ 19. Kc1 Ba4 20. Rd2 Rxd2
21. Bxd2 Nf6 22. f3 Nd7 23. Bb3 Bxb3 24. axb3 Ne5 25. Kc2 Kd7 26. Bc3 Bf6 27.
h3 Kc7 28. Ra1 Ra8 29. Ra4 g5 30. Bxe5 Bxe5 31. Nc6 Rxa4 32. bxa4 Bf6 33. Kb3
e6 34. Kc4 Kb6 35. a5+ Ka6 36. e5 exd5+ 37. Kxd5 dxe5 38. Kxc5 Bg7 39. Kd5 Kb5
40. Nxe5 f5 41. Ke6 f4 42. Nf7 h6 43. Kf5 Kxa5 44. Kg6 Bf8 45. Nxh6 1-0

[Event "XII Festival Magistrale"]
[Site "Celle Ligure ITA"]
[Date "1997.03.??"]
[Round "6"]
[White "Lovric, Branko"]
[Black "Lenz, Alarich"]
[WhiteElo "2370"]
[BlackElo "2195"]
[Result "1-0"]
[PlyCount "61"]
[EventDate "1997.03.22"]

1. b3 d5 2. Bb2 Nf6 3. e3 g6 4. f4 Bg7 5. Nf3 O-O 6. Be2 b6 7. O-O Bb7 8. Ne5
Nbd7 9. Bf3 Ne4 10. d4 Ndf6 11. Nd2 Nxd2 12. Qxd2 Ne4 13. Bxe4 dxe4 14. c4 Qd6
15. Rad1 Rfd8 16. Qc1 f6 17. Ng4 c6 18. Nf2 Qe6 19. Qc2 f5 20. Rd2 a5 21. a4
Ba6 22. Rfd1 Rac8 23. d5 cxd5 24. Bxg7 Kxg7 25. Rxd5 Rd6 26. Rxd6 exd6 27. Qb2+
Kf7 28. Qd4 Rc6 29. Qh8 h5 30. Nh3 Qe8 31. Ng5+ 1-0

[Event "XII Festival Magistrale"]
[Site "Celle Ligure ITA"]
[Date "1997.03.??"]
[Round "6"]
[White "Mollero, Michele"]
[Black "Tortarolo, Massimiliano"]
[WhiteElo "2050"]
[BlackElo "2260"]
[Result "0-1"]
[PlyCount "56"]
[EventDate "1997.03.22"]

1. e4 Nf6 2. e5 Nd5 3. d4 d6 4. Nf3 Bg4 5. Be2 e6 6. O-O Be7 7. c4 Nb6 8. Nc3
O-O 9. Be3 a5 10. b3 d5 11. c5 Nc8 12. h3 Bh5 13. g4 Bg6 14. Ne1 f6 15. exf6
Bxf6 16. f4 Nd7 17. Nd3 b6 18. f5 exf5 19. Nxd5 bxc5 20. gxf5 Bf7 21. Nxf6+
Qxf6 22. Nf2 Ne7 23. Ne4 Qc6 24. Bf3 Nxf5 25. Bg5 Bd5 26. dxc5 Bxe4 27. Bxe4
Qxe4 28. Qxd7 Ng3 0-1

[Event "XII Festival Magistrale"]
[Site "Celle Ligure ITA"]
[Date "1997.03.??"]
[Round "6"]
[White "Podini, Francesco"]
[Black "Quagliarella, Sabino Remo"]
[WhiteElo "2010"]
[BlackElo "1934"]
[Result "0-1"]
[PlyCount "124"]
[EventDate "1997.03.22"]

1. c4 e5 2. Nc3 Nf6 3. g3 Nc6 4. Bg2 Bc5 5. e3 d6 6. d3 O-O 7. Nge2 a6 8. O-O
Rb8 9. a3 Bg4 10. b4 Ba7 11. h3 Bh5 12. Qb3 Ne7 13. Re1 Bg6 14. d4 c6 15. dxe5
dxe5 16. Rd1 Qc7 17. e4 Rbd8 18. Bg5 h6 19. Bxf6 gxf6 20. c5 Bb8 21. Na4 f5 22.
f3 Kg7 23. g4 fxe4 24. fxe4 Ng8 25. Nb6 Qe7 26. Qe3 Bc7 27. Nc4 Rxd1+ 28. Rxd1
Rd8 29. Rd3 f6 30. Qd2 Rxd3 31. Qxd3 h5 32. Nd6 Bb8 33. gxh5 Bh7 34. Ng3 Nh6
35. Qd2 Bxd6 36. cxd6 Qd7 37. Bf3 Nf7 38. Bg4 Qxd6 39. h6+ Kh8 40. Qe3 Qd4 41.
Qxd4 exd4 42. Kf2 Nd6 43. Kf3 Bg6 44. h4 b6 45. Be6 c5 46. bxc5 bxc5 47. Kf4
Nb5 48. a4 Nc3 49. a5 Be8 50. Nf5 Ne2+ 51. Kf3 Bh5+ 52. Kf2 Nc3 53. Nd6 Bg6 54.
Bc4 Nxe4+ 55. Nxe4 Bxe4 56. Bxa6 Bd5 57. Bc8 c4 58. Ke2 c3 59. Kd1 Bb3+ 60. Ke2
Bc4+ 61. Kd1 d3 62. Bg4 Bb3+ 0-1

[Event "XII Festival Magistrale"]
[Site "Celle Ligure ITA"]
[Date "1997.03.??"]
[Round "6"]
[White "Scotti, Umberto"]
[Black "Lovati, Paolo"]
[WhiteElo "2130"]
[BlackElo "1981"]
[Result "1-0"]
[PlyCount "51"]
[EventDate "1997.03.22"]

1. e4 d6 2. d4 Nf6 3. Nc3 g6 4. Nf3 Bg4 5. Be3 Nc6 6. Be2 Bg7 7. O-O O-O 8. h3
Bxf3 9. Bxf3 e5 10. dxe5 Nxe5 11. Be2 Re8 12. Qd2 Ned7 13. Bg5 Nc5 14. Bd3 Qd7
15. Rae1 Ne6 16. Bh4 Nh5 17. Bc4 Nhf4 18. Bxe6 Nxe6 19. Nd5 h6 20. Nf6+ Bxf6
21. Bxf6 Kh7 22. e5 d5 23. Re4 Ng7 24. Rd1 Nh5 25. Rh4 Qf5 26. g4 1-0

[Event "XII Festival Magistrale"]
[Site "Celle Ligure ITA"]
[Date "1997.03.??"]
[Round "6"]
[White "Skembris, Spyridon"]
[Black "Rosin, Federico"]
[WhiteElo "2450"]
[BlackElo "1884"]
[Result "1-0"]
[PlyCount "49"]
[EventDate "1997.03.22"]

1. c4 Nf6 2. Nc3 e6 3. Nf3 d5 4. d4 Be7 5. Bg5 O-O 6. e3 h6 7. Bh4 Ne4 8. Bg3
Nd7 9. Bd3 Ndf6 10. Qc2 Nxc3 11. bxc3 c6 12. O-O Nh5 13. Be5 f6 14. Bh7+ Kh8
15. Bg6 fxe5 16. Bxh5 e4 17. Ne5 Kg8 18. f3 exf3 19. Bg6 Rf6 20. Ng4 Rf8 21.
Bh7+ Kh8 22. Ne5 Rf6 23. Rxf3 Rxf3 24. gxf3 Qe8 25. Bg6 1-0

[Event "XII Festival Magistrale"]
[Site "Celle Ligure ITA"]
[Date "1997.03.??"]
[Round "6"]
[White "Sulava, Nenad"]
[Black "Guido, Flavio"]
[WhiteElo "2380"]
[BlackElo "2300"]
[Result "0-1"]
[PlyCount "52"]
[EventDate "1997.03.22"]

1. d4 d5 2. c4 e6 3. Nf3 Nf6 4. Bg5 h6 5. Bxf6 Qxf6 6. Nc3 c6 7. a3 dxc4 8. Ne5
c5 9. Qa4+ Nc6 10. g3 cxd4 11. Nxc6 Bd7 12. Bg2 dxc3 13. O-O-O Rd8 14. Rxd7
Rxd7 15. Nb8 Qd4 16. Kb1 Qd2 17. bxc3 Bxa3 18. Qxa3 Rd6 19. Qxa7 O-O 20. Qxb7
Qxc3 21. Rc1 Qa3 22. Be4 f5 23. Bc2 Qa5 24. Nc6 Rxc6 25. Qxc6 Rb8+ 26. Bb3 cxb3
0-1

[Event "XII Festival Magistrale"]
[Site "Celle Ligure ITA"]
[Date "1997.03.??"]
[Round "6"]
[White "Tabernig, Bernhard"]
[Black "Zsifkovits, Robert"]
[WhiteElo "2275"]
[BlackElo "2170"]
[Result "1-0"]
[PlyCount "83"]
[EventDate "1997.03.22"]

1. d4 e6 2. Nf3 f5 3. Bg5 Be7 4. h4 Nf6 5. Nbd2 c5 6. c3 b6 7. dxc5 bxc5 8.
Bxf6 Bxf6 9. e4 fxe4 10. Nxe4 O-O 11. Bd3 d5 12. Nxc5 Qd6 13. Nb3 e5 14. Ng5
Bxg5 15. hxg5 Bf5 16. Bxf5 Rxf5 17. Qd3 g6 18. O-O-O e4 19. Qxe4 Nc6 20. Qh4
Qc7 21. Nd4 Nxd4 22. Rxd4 Re8 23. f3 Rfe5 24. Rd2 Qe7 25. f4 Re3 26. Rhd1 Rxc3+
27. Kb1 Qe4+ 28. Ka1 Rc5 29. Rh1 Re7 30. Rdd1 Rc2 31. Qe1 Re2 32. Qa5 Qxf4 33.
Qxd5+ Qf7 34. Qc6 Rc7 35. Rd8+ Kg7 36. Qd6 Qe7 37. Qd4+ Qe5 38. Rxh7+ Kxh7 39.
Qh4+ Kg7 40. Qh8+ Kf7 41. Qg8+ Ke7 42. Qe8# 1-0

[Event "XII Festival Magistrale"]
[Site "Celle Ligure ITA"]
[Date "1997.03.??"]
[Round "6"]
[White "Zoldan, Matteo"]
[Black "Hamberger, Hermann"]
[WhiteElo "2155"]
[BlackElo "2205"]
[Result "0-1"]
[PlyCount "42"]
[EventDate "1997.03.22"]

1. e4 c5 2. Nf3 d6 3. d4 cxd4 4. Nxd4 Nf6 5. Nc3 g6 6. Be3 Bg7 7. f3 Nc6 8. Qd2
O-O 9. Bc4 a5 10. a4 Nxd4 11. Bxd4 Be6 12. Bxe6 fxe6 13. O-O Nd7 14. Bxg7 Kxg7
15. Qd4+ Kg8 16. Rf2 Rc8 17. Rd1 Qb6 18. Nb5 Rc5 19. c4 Ne5 20. b3 Nc6 21. Qe3
Rxb5 0-1

[Event "XII Festival Magistrale"]
[Site "Celle Ligure ITA"]
[Date "1997.03.??"]
[Round "7"]
[White "Cirabisi, Federico"]
[Black "Podini, Francesco"]
[WhiteElo "2125"]
[BlackElo "2010"]
[Result "1-0"]
[PlyCount "119"]
[EventDate "1997.03.22"]

1. e4 c5 2. Nf3 e6 3. b4 cxb4 4. a3 bxa3 5. Nxa3 Nc6 6. c3 Nf6 7. e5 Nd5 8. Nb5
Be7 9. Ba3 O-O 10. Bxe7 Qxe7 11. h4 f6 12. exf6 Nxf6 13. Bd3 e5 14. Ng5 d5 15.
Qb3 Kh8 16. O-O-O a6 17. Na3 b5 18. Rde1 b4 19. Nc2 bxc3 20. dxc3 Bd7 21. Ne3
Na5 22. Qa2 Qc5 23. Nd1 e4 24. Bc2 Nc4 25. f3 e3 26. Bd3 Rfe8 27. g4 Rab8 28.
Bxc4 dxc4 29. Rh2 Rb3 30. Rb2 Ra3 31. Qb1 Qa5 32. Qc2 Ba4 33. Qf5 Rxc3+ 34. Kb1
Qxf5+ 35. gxf5 Rd3 36. Kc1 h6 37. Ne6 Ra3 38. Nxe3 c3 39. Rb4 Rc8 40. Nc2 Ra2
41. Ned4 Nd5 42. Rb7 Rc4 43. Kb1 Bxc2+ 44. Nxc2 Raa4 45. Re8+ Kh7 46. Rbb8 g5
47. hxg5 hxg5 48. Rb7+ Rc7 49. Rxc7+ Nxc7 50. Re7+ Kh6 51. Rxc7 Rf4 52. Rxc3
Rxf5 53. Ne3 Rb5+ 54. Kc2 a5 55. Rc4 Kh5 56. Kd3 Rb3+ 57. Ke2 Rb5 58. Kf2 Re5
59. Rc6 Rb5 60. Ng4 1-0

[Event "XII Festival Magistrale"]
[Site "Celle Ligure ITA"]
[Date "1997.03.??"]
[Round "7"]
[White "Collareta, Giovanni"]
[Black "Hamberger, Hermann"]
[WhiteElo "2230"]
[BlackElo "2205"]
[Result "0-1"]
[PlyCount "52"]
[EventDate "1997.03.22"]

1. c4 e5 2. Nc3 Nc6 3. g3 f5 4. Bg2 Nf6 5. e3 g6 6. Nge2 Bg7 7. O-O O-O 8. d4
d6 9. Rb1 a5 10. b3 h6 11. Bd2 g5 12. Nb5 e4 13. Nec3 Ne7 14. d5 Ng6 15. f4
gxf4 16. exf4 c6 17. dxc6 bxc6 18. Na3 Ng4 19. Qe2 d5 20. h3 Nf6 21. Rbd1 d4
22. Na4 Qe7 23. Nb1 Nd7 24. Kh2 Bb7 25. Qe1 e3 26. Rg1 exd2 0-1